[Event "Ciocaltea Memorial"]
[Site "Bucharest"]
[Date "1999.03.15"]
[Round "12"]
[White "Marin, Mihail"]
[Black "Vukovic, Zdravko"]
[Result "1-0"]
[WhiteElo "2527"]
[BlackElo "2483"]
[Annotator "Marin,M"]
[PlyCount "63"]
[EventDate "1999.03.04"]
[EventType "tourn"]
[EventRounds "13"]
[EventCountry "ROU"]
[EventCategory "10"]
[SourceTitle "CBM 070"]
[Source "ChessBase"]
[SourceDate "1999.06.08"]
[SourceVersion "1"]
[SourceVersionDate "1999.06.08"]
[SourceQuality "1"]

1. g3 e6 2. Bg2 d5 3. Nf3 Nf6 4. O-O b5 5. b3 Be7 6. c4 c6 7. Bb2 O-O 8. Qc2
bxc4 9. bxc4 Ba6 10. d3 Nbd7 11. Nbd2 Rc8 12. Rab1 Nb6 13. Rfd1 (13. Bc3 $5) (
13. a4 $5) 13... c5 14. e3 (14. Bc3 $5 d4 $140 15. Ba5) 14... Nfd7 15. Qc3 (15.
a4 $5) 15... Bf6 16. Qa3 Bxb2 17. Rxb2 Nb8 (17... Bb7 18. Qxa7 Bc6 19. Ne5 (19.
Qa3 Ra8 20. Qc3 (20. Qb3 Ba4) 20... Na4) 19... Nxe5 20. Qxb6 Nxd3) (17... Bb7
18. Rb5) 18. cxd5 exd5 19. Rc1 (19. d4) (19. Bh3) 19... Qf6 $6 (19... c4 20.
dxc4 (20. d4 c3 21. Rxc3 Rxc3 22. Qxc3 Na4) 20... dxc4 21. Ne4 $14 {/\Nd4, Nc3,
Rcb1, ץa6} c3 $140 $6 22. Rb3 c2 23. Nd4 $16) 20. Rbc2 c4 21. d4 $14 (21. dxc4
dxc4 22. Nd4) 21... Bb5 $6 (21... Rfe8 $142 22. Nb1 {/\Nc3, Rb1, Rcb2 +/=}) 22.
e4 $16 Ba4 (22... dxe4 23. Nxe4 Qe6 24. Nd6 $18) 23. Rc3 Rfe8 (23... dxe4 24.
Nxe4 Qh6 (24... Qe6 25. Nc5) 25. Nd6 Rcd8 26. Nxc4 $18) 24. exd5 Re2 25. Nxc4
Nxd5 (25... Nxc4 26. Qxa4) (25... Bb5 26. Nxb6 Rxc3 27. Rxc3 Qxb6 28. Rc8+ Re8
29. Rxe8+ Bxe8 30. Qe7 $18) 26. Qxa4 Nxc3 27. Rxc3 $18 h6 28. Bh3 Rd8 29. Bf1
Re6 30. Nce5 Rb6 31. Bc4 Rb1+ 32. Kg2 (32. Kg2 Rf8 33. Bxf7+ (33. Qxa7 {
/\Rb3 +-}) 33... Rxf7 34. Rc8+ Rf8 (34... Kh7 35. Nxf7 Qxf7 36. Qc2+ Qg6 37.
Rh8+ $18) 35. Qc4+ Kh7 (35... Kh8 36. Ng6+) 36. Rxf8 Qxf8 37. Qc2+) 1-0

[Event "Netanya Masters"]
[Site "Netanya"]
[Date "2019.06.24"]
[Round "2"]
[White "McShane, Luke J"]
[Black "Eljanov, Pavel"]
[Result "1-0"]
[WhiteElo "2688"]
[BlackElo "2655"]
[Annotator "McShane,L"]
[PlyCount "133"]
[EventDate "2019.06.23"]
[EventType "tourn"]
[EventRounds "9"]
[EventCountry "ISR"]
[EventCategory "18"]
[SourceTitle "CBM 191"]
[Source "ChessBase"]
[SourceDate "2019.08.31"]
[SourceVersion "1"]
[SourceVersionDate "2019.08.31"]
[SourceQuality "1"]

1. c4 Nf6 2. g3 e6 3. Bg2 d5 4. Nf3 Be7 5. O-O O-O 6. b3 d4 {An ambitious
choice, seizing space in the centre.} ({The conservative option} 6... c5 7. Bb2
Nc6 8. e3 b6 {is more common.}) 7. e3 c5 8. exd4 cxd4 9. Re1 Nc6 10. Bb2 {
The bishop should not be developed here casually. In the Benoni structure 
(likewise on b7 in a regular Benoni), this is a poor square, since the bishop
is blunted by the pawn on d4. However, in this game I had a specific idea to
liberate the bishop.} Re8 11. Ne5 {The idea of sacrificing the exchange, which
I tried in this game, has been seen a few times before. In a couple of those
games White advanced the pawn to d3 first, but there is some sense in leaving
the pawn on d2. First, delaying Nf3-e5 gives Black other options. Second, the
pawn is a bit more secure on d2 in the ensuing middleame.} (11. d3 Bc5 (11...
Bb4 $5) 12. Ne5 Nxe5 13. Rxe5 Bd6 14. Bxd4 Bxe5 15. Bxe5 Nd7 16. Bc3 ({There
are several reasonable squares for the bishop} 16. Bb2 e5 17. Na3 Nb8 18. c5 {
and White's activity gave him good compensation: 1-0 (52) Oparin,G (2587)
-Paravyan,D (2634) Yaroslavl 2018}) 16... e5 17. Na3 Nf6 18. Qe1 $5 {Here 18...
Qxd3 19.Nb5 dangerous. White won a complex game 1-0 (74) Jones,G (2647)-Boros,
D (2447) Atlantic City 2016}) 11... Nxe5 12. Rxe5 Bd6 13. Bxd4 (13. Re1 $6 {
is certainly too passive:} e5 14. d3 Bg4 {and Black has nothing to worry about.
}) 13... Bxe5 14. Bxe5 Nd7 {It's not really possible for Black to develop
without shunting away this bishop.} 15. Bb2 e5 16. Na3 (16. d4 {looks
premature, as Black's knight gets to use the e5-square:} exd4 17. Na3 Ne5 {
and Black had no problems: 1/2 (69)-1/2 (70) Bakalchuk,J (2456)-Gershon,A 
(2431) Israel ISR 2019}) (16. Nc3 Nf6 17. Nd5 Rb8 18. Nxf6+ Qxf6 19. d4 exd4
20. Bxd4 Qd6 {was about equal. Taking on a7 doesn't win a pawn, since Black
can exchange queens and play Rb8-a8xa2.1/2 (42)-1/2 (42) Oparin,G (2626)
-Kryvoruchko,Y (2693) Monzon 2016}) 16... Nf6 17. d4 e4 $2 {This is a bit too
ambitious. Black later developed a dangerous kingside attack, but it could
have been prevented.} ({During the game, I looked at} 17... exd4 18. Qxd4 Qe7
19. Nc2 Bf5 20. Ne3 Be4 21. Nd5 Bxd5 22. cxd5 {with a balanced position.}) 18.
Nc2 Bg4 19. Qd2 Bf3 20. Bf1 $2 {We were both playing ambitiously. I hoped to
show that the Bf3 is cut off from the real action on the queenside, once the
pawns start to roll.} (20. d5 {was stronger.}) 20... Ng4 21. d5 Qd6 22. Bd4 Qg6
23. Ne3 Nxh2 $5 {Driving the game into a tactical maelstrom. The consequences
are probably good for White, but playing slowly doesn't look preferable.} (
23... Ne5 24. c5 Nd3 25. d6 {and the pawns look really menacing.}) 24. Kxh2
Qh6+ 25. Bh3 Bg4 $1 {This clever move is the point of 23....Nxh2. Still, White
has the better of it.} 26. Rh1 $1 Bxh3 (26... Qxh3+ 27. Kg1 {simply leaves the
queen trapped}) 27. Kg1 {This is the point. The pin is very awkward for Black.}
f5 {The only way to disrupt the position.} 28. Qe1 $2 (28. Bxg7 {was tempting,
but} Qxg7 (28... Kxg7 $4 29. Nxf5+) 29. Rxh3 f4 30. Nf5 e3 {and it seemed to
me that only Black can be better, though 0.00 is what the Oracle says.}) (28.
Qc3 $1 f4 29. Ng2 $1 {escaped my attention. The queen is well placed, since it
can recapture on g3} e3 30. Nxf4 $1 e2 31. Qe1 {and White coolly picks up the
bishop.}) 28... Rf8 $2 (28... f4 $1 {was much stronger} 29. Nf5 {is the move I
was counting on, but in fact after} Qg6 $1 30. Nxg7 Bg4 31. Nxe8 Rxe8 {it is
Black who has the initiative. The rook on h1 is poorly placed and e4-e3 is
coming.}) 29. Ng2 f4 $1 {Playing in the spirit of the position.} (29... g5 {
is the move I was hoping to see} 30. Bb2 $1 {and after Qe1-c3 Black's king
will be in desperate trouble.}) 30. gxf4 $2 (30. Nxf4 Rxf4 31. Qe3 $1 {is
certainly what I would have played, had I seen it.} (31. Be3 {I did consider,
but Black has at least a perpetual after} g5 32. gxf4 Qh5) 31... Rf3 32. Qxh6
gxh6 33. Rxh3 {and now, for example} Rd3 34. Be3 Rd1+ 35. Kg2 Ra1 {the endgame
is not hopeless for Black, but White is much better.}) 30... Rf5 {White was
threatening the simple 31.Qe1-e3} 31. Qxe4 Rh5 32. Ne3 {After all Black has
rescued the bishop, but White has snatched two important pawns. The position
remains very murky, and it seemed to me that all three results were on the
table.} Rf8 33. Be5 Bf5 34. Rxh5 Qxh5 35. Qg2 Rf7 36. c5 {When in doubt, push
the pawns!} h6 37. b4 ({I underestimated the simple option} 37. Nxf5 Qxf5 38.
c6 bxc6 39. dxc6 {and only White can be better.}) 37... Bh3 38. Qg3 Bd7 39. f3
Kh7 40. Kf2 $6 {The instinct to place the king on a dark square is strong, but
it was more important to prevent the incursion of the queen} (40. Kg2) 40...
Qh1 41. Qg1 (41. f5 $2 {had been my intention, but after} Qc1 $1 {Black's
counterplay lands first} 42. Qg6+ Kg8 43. Ng4 $2 {is tempting, but} Bxf5 $1 {
and the queen on c1 covers h6.}) 41... Qxg1+ (41... Qh4+ {would have given me
an interesting choice between repeating with 42.Qg3, and heading for a mess
after} 42. Ke2 Bb5+ 43. Kd2 $13) 42. Kxg1 g5 43. Nc2 $1 {I was pleased with
this idea during the game. It's worth expending the tempi to get the knight
and bishop properly coordinated.} gxf4 44. Nd4 a6 $6 (44... Re7 45. Bxf4 Re1+
46. Kf2 Rb1 47. c6 bxc6 48. dxc6 Bc8 (48... Rxb4 49. Nc2 $1 Rb5 (49... Rxf4 50.
cxd7 Rf8 51. Nd4 Rd8 52. Ne6 Rxd7 53. Nf8+ $18) 50. cxd7 Rd5 $14) 49. b5 {
with a likely draw}) 45. c6 bxc6 46. dxc6 Bc8 47. Kf2 $6 {I was happy to stop
Rf7-e7-e1, and I mistakenly thought this was winning.} (47. a4 {was a better
chance.}) 47... h5 48. a4 h4 49. b5 axb5 50. axb5 Ra7 51. Bxf4 (51. b6 Ra2+ 52.
Ne2 {prevents Ra2-b2, and was my intention when I played 47.Kf2. Unfortunately,
after} Ba6 53. b7 Rxe2+ 54. Kg1 Re1+ $1 55. Kg2 Rb1 56. b8=Q Rxb8 57. Bxb8 {
the endgame is drawn.}) 51... Ra2+ 52. Ke3 h3 53. Ke4 {White still has decent
practical chances here. In the worst case, Advancing the pawn b5-b6-b7 will
force a draw, but before that happens Black has to play accurately.} h2 54.
Bxh2 Rxh2 55. Kd5 Kg6 56. Kc5 $5 (56. Kd6 Rd2 57. Kc7 Rxd4 58. Kxc8 Rb4 $1 {
secures the draw.}) (56. b6 Rb2 57. Kc5 Ba6 {and White has nothing better than
58.b7. This is why I decided to play the king to c5 first.}) 56... Kf6 $2 {
From a practical point of view this was a big mistake, though the position is
still drawn. Since we both had about a minute left (plus increment) holding
the draw becomes really difficult.} 57. b6 Rb2 (57... Ba6 58. Nb3 $5 {is
tricky.}) 58. Nb5 Ba6 59. Nc7 Rc2+ 60. Kd6 Rd2+ $2 {The decisive mistake.} (
60... Rb2 $1 {hangs the bishop and doesn't even threaten Rxb6 (there is a fork
on d5), but it was the only saving move.} 61. Nxa6 (61. Nd5+ Kf5 62. Kc7 Ke5
$11) 61... Rxb6 62. Nc5 (62. Nc7 {also demands precision} Kf5 $1 63. Nd5 Ra6 $1
64. Nb4 Ra8 $11) 62... Kf5 63. Nd3 Rb3 $1 64. Nc5 Rb6 $1 $11) 61. Nd5+ Kf5 62.
b7 Rb2 63. Kc7 Bxb7 (63... Ke5 64. Nb6 $18) 64. cxb7 Rc2+ 65. Kd6 Rb2 66. Kc6
Ke6 67. Nc7+ {The knight comes to b5 to block the rook.} 1-0

[Event "Rzeszow 16th"]
[Site "Rzeszow"]
[Date "1984.10.06"]
[Round "6"]
[White "Moehring, Guenther"]
[Black "Rogowski, Jaroslaw"]
[Result "0-1"]
[WhiteElo "2395"]
[BlackElo "2315"]
[Annotator "Moehring,G"]
[PlyCount "84"]
[EventDate "1984.10.01"]
[EventType "tourn"]
[EventRounds "11"]
[EventCountry "POL"]
[EventCategory "4"]
[SourceTitle "EXT 2015"]
[Source "ChessBase"]
[SourceDate "2014.11.20"]
[SourceVersion "1"]
[SourceVersionDate "2014.11.20"]
[SourceQuality "1"]

1. Nf3 Nf6 2. c4 e6 3. g3 Be7 4. Bg2 O-O 5. O-O d5 6. b3 c5 7. Bb2 Nc6 8. e3 b6
9. Nc3 Ba6 10. d3 Rc8 11. Qe2 Ne8 12. Rfd1 Bf6 13. Rac1 Nc7 14. Ba3 Re8 15. Qd2
g6 16. Ne2 (16. d4 dxc4 (16... cxd4 17. exd4 dxc4 $6 18. bxc4 Bxc4 (18... Na5
19. Ne4 Nxc4 20. Rxc4 Bxc4 21. Nd6 Bd5 22. Ne5 $16) 19. Ne4 Bd5 20. Nd6 Be7 21.
Rxc6 $1 Bxc6 22. Nxf7 $18) 17. dxc5 $14 {/\Ne4}) 16... e5 $15 {()} 17. Ne1 Bb7
18. Nc3 d4 19. Nd5 Nxd5 20. Bxd5 Bg5 21. Qe2 Na5 22. Bxb7 Nxb7 23. Rc2 f5 24.
e4 Nd6 25. Bc1 Bxc1 26. Rdxc1 Rc7 27. exf5 gxf5 28. Nf3 e4 29. Nh4 Rg7 30. Ng2
Nf7 31. Nf4 Ne5 32. Rd1 Nf3+ 33. Kh1 exd3 34. Qxd3 Ne1 35. Qxf5 Rg5 36. Qh3
Nxc2 37. Ne6 Qa8+ 38. Kg1 Rg6 39. Nc7 Qf3 40. Rf1 Rf8 41. Nd5 Kh8 {Abgabezug}
42. Ne7 Rg7 {2:33-2:45} 0-1

[Event "World Women-ch k.o."]
[Site "Teheran"]
[Date "2017.02.21"]
[Round "4.2"]
[White "Dzagnidze, Nana"]
[Black "Harika, Dronavalli"]
[Result "1-0"]
[WhiteElo "2525"]
[BlackElo "2539"]
[Annotator "Moradiabadi,E"]
[PlyCount "133"]
[EventDate "2017.02.11"]
[EventType "k.o."]
[EventRounds "7"]
[EventCountry "IRI"]
[SourceTitle "CBM 177"]
[Source "ChessBase"]
[SourceDate "2017.03.16"]
[SourceVersion "1"]
[SourceVersionDate "2017.03.16"]
[SourceQuality "1"]

{With a lot at stake - maintaining a chance to reach the semi-final or go home
- Nana Dzagnidze once more showed us why we should not dismiss her immense
resourcefulness and high will to win.} 1. Nf3 Nf6 2. c4 e6 3. b3 $5 {Nana
avoids any opening debate as early as move three. Although, chess theory is
developed that much that even in such cases there is a huge body of theory out
there. However, the question is, is Harika prepared for it?} d5 4. Bb2 Be7 5.
g3 O-O 6. Bg2 c5 7. O-O Nc6 8. e3 b6 {Ok, all these have been played zillions
of times before.} 9. d4 $5 {A rare choice.} (9. Nc3 Bb7 10. cxd5 Nxd5 11. Nxd5
Qxd5 12. d4 Qf5 (12... Rad8 $6 {Black gets into some trouble after this
natural move.} 13. Ne5 Qd6 14. dxc5 Qxc5 15. Nd7 Qf5 16. e4 Qg5 17. h4 Qh6 18.
Bc1 g5 19. hxg5 Qg7 20. e5 Nb8 21. Nf6+ Bxf6 22. exf6 Rxd1 {[#]} 23. Rxd1 $3 {
A beautiful queen sacrifice after which White dominates the entire board.} Qg6
24. Bxb7 $18 Qf5 25. Ba3 Re8 26. Be7 Qxg5 27. Rd3 h5 28. Rad1 Qe5 29. Rd8 Rxd8
30. Rxd8+ Kh7 31. Bd6 Qd4 32. Kg2 h4 33. gxh4 Qxf6 34. Be4+ Kh6 35. Rxb8 e5 36.
Bf8+ Kh5 37. Bb4 Kxh4 38. Rg8 Qf4 39. Be7+ f6 40. Bf3 Qf5 41. Rh8+ {1-0 (41)
Khotenashvili,B (2490)-Tan,Z (2438) Jiangsu Wuxi 2012}) 13. Ne5 Nxe5 14. Bxb7
Rad8 15. Qe2 Qd3 16. Ba6 Qxe2 17. Bxe2 cxd4 18. Bxd4 Nc6 19. Bc3 Ba3 20. Rab1
Nb4 21. Bb2 Bxb2 22. Rxb2 Nd3 23. Rc2 Nb4 24. Rb2 Nd3 25. Rc2 {1/2-1/2 (25)
Ipatov,A (2657)-Mchedlishvili,M (2604) Izmir 2016}) 9... cxd4 10. Nxd4 Bb7 $6 {
I believe that after this move Black is uncomfortable for the entire game. I
believe that taking on d4 was necesarry.} (10... Nxd4 11. Qxd4 Ba6 {with the
idea of ...Rc8 and ...Bc5.}) 11. Nc3 Nxd4 12. Qxd4 Bc5 13. Qd3 Ba6 {Harika
switches to my idea two moves later but White has already developed and she is
going to be faster in the centre. White has a serious initiative.} 14. Rfd1 Rc8
15. Qb1 $2 {Nana worries about the pin but c2 is in fact better than b1. The
queen is too passive on b1 and this could have cost Nana the match.} (15. Qc2
Qe7 16. cxd5 exd5 17. Qd2 Rfd8 18. Nxd5 Nxd5 19. Bxd5 Qg5 20. e4 Qg4 21. Qf4
$16) 15... Qe7 16. a3 $1 Rfd8 $2 {This loses a pawn without counterplay.} ({Now
} 16... dxc4 $2 {loses a piece to} 17. b4 Bd6 18. b5) (16... Ng4 $3 {was
Harika's last chance.} 17. h3 $1 (17. cxd5 $2 Qf6 18. Ne4 Qh6 19. h4 (19. h3
Nxf2) 19... Nxf2 20. Nxf2 Qxe3 21. Rf1 Bxf1 22. Qxf1 Qxf2+ 23. Qxf2 Bxf2+ 24.
Kxf2 Rc2+ {and Black wins.}) 17... Nxf2 18. Kxf2 Qg5 19. Qc1 f5 20. h4 Qh6 21.
b4 f4 22. bxc5 fxg3+ 23. Kxg3 Qg6+ 24. Kh3 Rf2 25. Rg1 Qf5+ 26. Kg3 Rf8 27. Nd1
Qg6+ 28. Kh3 (28. Kh2 $4 Qg4 29. Nxf2 Rxf2 {and Qxh4 mate follows.}) 28... Qf5+
29. Kg3 {with a draw.}) 17. cxd5 exd5 18. Nxd5 Nxd5 19. Rxd5 Rxd5 20. Bxd5 Rd8
(20... Bxe3 $3 {is a surprising piece sac that may just bring equality!} 21.
fxe3 Qxe3+ 22. Kh1 Qf2 $11) 21. Qe4 Qxe4 22. Bxe4 {The dust has settled and
the goal has been achieved. Dzagnidze has a winning pawn up endgame. From here
on, she shows a lot of patience and grinds down her winning endgame to force a
tie-break.} g6 23. Bf6 Rd6 24. Bc3 Rd7 25. a4 Bf8 26. Bd4 Bg7 27. Rd1 Bb7 28.
Bxb7 Rxb7 29. Kf1 Rc7 30. Ke2 Bxd4 31. Rxd4 Rc2+ 32. Rd2 Rc3 33. Rb2 b5 34.
axb5 Rc5 35. Kd3 Kf8 36. e4 Rxb5 37. b4 Ke7 38. f4 Rb6 39. Kc4 f6 40. b5 Rb7
41. Ra2 Rc7+ 42. Kb4 Kd8 43. Ra6 {The optimum place for the rook. Look at the
game Rubinstein-Lasker St Petersburg 1909!} Re7 44. Kc5 Ke8 45. Kd6 Rb7 46. Ke6
Rxb5 47. Kxf6 Rb7 48. e5 Rf7+ 49. Kg5 Rf5+ 50. Kg4 Rf7 51. h4 Kf8 52. h5 Kg7
53. Kh4 Kh6 54. Ra4 Kg7 55. g4 Kh6 56. hxg6 hxg6 57. Kg3 Kg7 58. Ra6 Kh7 59.
Kf3 Rb7 60. f5 g5 61. Ke4 Kg7 62. Rg6+ Kf8 63. f6 a5 64. Rh6 Kg8 65. e6 a4 66.
f7+ Kg7 67. Rh7+ {A fine victory for Nana.} 1-0

[Event "Rohde op 10th"]
[Site "Sautron"]
[Date "2010.10.25"]
[Round "4"]
[White "Gonda, Laszlo"]
[Black "Lalic, Bogdan"]
[Result "1/2-1/2"]
[WhiteElo "2550"]
[BlackElo "2495"]
[Annotator "Primel,D"]
[PlyCount "74"]
[EventDate "2010.10.23"]
[EventType "swiss"]
[EventRounds "9"]
[EventCountry "FRA"]
[SourceTitle "EXT 2012"]
[Source "ChessBase"]
[SourceDate "2011.11.24"]
[SourceVersion "1"]
[SourceVersionDate "2011.11.24"]
[SourceQuality "1"]

1. Nf3 Nf6 2. c4 e6 3. g3 d5 4. b3 (4. d4 {Retombe sur une Catalane}) 4... Be7
(4... a5 $1 {[%cal Ga5a4]} 5. Bg2 a4 6. O-O Be7 $132 {McNab,C (2435)-Antunes,A
(2450) EU-chT (Men) 09th 1989 (5.1) 1/2}) 5. Bg2 O-O 6. O-O c5 7. Bb2 d4 8. e3
(8. b4 $5 a5 9. bxc5 Bxc5) 8... Nc6 9. exd4 cxd4 10. Re1 Ne8 $1 {[%cal Gf7f6,
Ge6e5,Ge8c7,Gc7e6]} 11. Ne5 (11. d3 f6 12. Na3 e5 {[%csl Rb2]} 13. Nc2 Nc7 $132
{[%cal Gc7e6];Tal,M-Grigorian,L Karseladze Memorial 1968 (10) 1/2}) 11... Nxe5
12. Rxe5 f6 13. Re1 e5 $11 {[%csl Rb2]} (13... Nc7 14. d3 Rb8 15. Ba3 $1) 14.
f4 ({RR} 14. d3 Nc7 15. Ba3 ({RR} 15. Nd2 a5 16. a3 Rb8 17. f4 exf4 18. gxf4 b6
) 15... Ne6 16. Qc1 ({RR} 16. Bxe7 Qxe7 17. Nd2 Kh8) 16... Kh8 17. Nd2 Rb8 18.
Ne4 b6 19. Rb1 ({RR} 19. Bxe7 Qxe7 20. f4 exf4 21. gxf4 Qc7 22. Rf1) 19... Bb7
20. Bxe7 Qxe7 21. b4 g5) (14. Ba3 {l'alternative pour échanger le Bb2 enfermé
par la chaine de P des Noirs} Bxa3 15. Nxa3 Nc7 16. Nc2 Kh8 17. d3 Qd6 18. Qd2
Ne6 19. Rf1 g5 20. b4 a5 21. a3 Ra7 22. bxa5 Qc7) 14... exf4 15. Qf3 {Un
sacrifice de P intéressant qui donne des bonnes compensations aux Blancs} Nc7 (
15... fxg3 {Fishbein,A (2505)-Schneider,D (2453) USA-ch San Diego 2004 (9) 1-0}
) 16. Qxf4 ({RR} 16. gxf4 Kh8 ({RR} 16... a5 17. a3 {1/2-1/2 Drasko,M (2537)
-Todorov,O (2309)/Plovdiv 2010/CBM 134 Extra}) {RR} 17. f5 Bc5 18. a3 a5 19. d3
Qd7 20. Qf4 Ra6 21. Rf1 Rb6 22. Nd2 Ne8 23. Rae1 Qd8 24. Bd5 Nc7 25. Be4 Ne8)
16... Ne6 ({RR} 16... Bc5 17. Ba3) 17. Qf5 Nc7 18. Qf2 {[%csl Rd4]} Bc5 19. Ba3
$1 (19. b4 $143 Bxb4 20. Bxd4 Be6) 19... Bxa3 20. Nxa3 Qd6 {[%cal Gd6a3]} 21.
Nc2 Rd8 22. d3 $16 Rb8 23. Re4 Ne6 24. Rae1 $36 b5 25. Qf5 Nf8 26. Qd5+ $6 (26.
Qh5 $142 $1 {[%csl Re8,Rf7][%cal Ge4e8,Ge4e7]} bxc4 27. bxc4 {[%cal Ge4d4]} Ne6
{[%cal Ge6g5]} (27... g6 28. Qh6 $40 {[%csl Rg7][%cal Ge4e7]}) 28. R4e2 (28.
Bh3 g6) 28... g6 29. Qh4 Ng5 30. Qh6 $40 {[%cal Ge2e7]} (30. Re7 h5)) 26...
Qxd5 27. cxd5 Bf5 (27... Bb7 28. Rxd4 {[%cal Gd5d6]}) 28. Re7 Bd7 29. Nxd4 {
[%cal Gd4c6]} Ng6 30. R7e2 (30. Nc6 Bxc6 31. dxc6 Nxe7 32. Rxe7 Kf8 33. Rxa7
Rbc8 34. Be4 f5 $8 {[%cal Gc8c6]}) 30... Ne5 {[%csl Ge5]} 31. Rd2 (31. Rxe5
fxe5 32. Rxe5 Re8 33. Ne6 $13) 31... Rbc8 32. Ne2 (32. Be4 $5) 32... Re8 33.
Rc1 Rxc1+ 34. Nxc1 Rc8 35. Ne2 Kf8 36. d4 Ng4 37. Be4 (37. h3 Ne3 38. Nf4 {
[%cal Gf4e6]}) 37... Kg8 {Dominique PRIMEL} 1/2-1/2